000 00352 a2200169 4500
001 184143
020 _a85-322-1163-1
040 _cMagnum
100 _aSaad, Jorge
240 1 0 _aO Saci-PererĂª em
_lpor
245 1 0 _aO Saci-PererĂª em
300 _a22
362 0 _a1997
440 1 _aFTD
697 _aLITERATURA INFANTO-JUVENIL
942 _cBK
999 _c184143
_d184143